| 000 | 01133nam a22003257a 4500 | ||
|---|---|---|---|
| 003 | CHAP | ||
| 005 | 20220329134127.0 | ||
| 008 | 971013s1996 r 00010 d | ||
| 010 | _a15808 | ||
| 011 | _a16780 | ||
| 035 | _a20862 | ||
| 040 | _cCHAP | ||
| 082 |
_a628.1 _bA53 |
||
| 100 | 0 | 0 |
_aAnton Giudice, Danilo. _96105 |
| 245 |
_aCiudades sedientas _b: aguas y ambientes urbanos en América Latina |
||
| 260 |
_aMontevideo, Uruguay : _bCentro Internacional de Investigaciones para el Desarrollo, _c1996 |
||
| 300 |
_a204 p. _b: ilus. |
||
| 590 |
_aBATCH-UPD _b10 _c20130110 _lUCH01 _h0048 |
||
| 590 |
_aBATCH-UPD _b10 _c20130110 _lUCH01 _h2104 |
||
| 590 |
_aBATCH-UPD _b10 _c20130409 _lUCH01 _h2035 |
||
| 590 |
_aBATCH-UPD _b10 _c20130410 _lUCH01 _h1416 |
||
| 590 |
_aBATCH-UPD _b10 _c20130914 _lUCH01 _h1955 |
||
| 590 |
_aCONVERSION _b10 _c20130109 _lUCH01 _h1310 |
||
| 650 | 1 | 4 |
_aAgua subterranea. _92456 |
| 650 | 1 | 4 |
_aAgua _xAbastecimiento _xAmerica Latina. _92226 |
| 650 | 1 | 4 |
_aRecursos hidráulicos _xAmérica Latina. _995093 |
| 901 | _aBK | ||
| 942 | _cLIBRO | ||
| 949 |
_a628.1 A53 _bBC _cLIBRO _d33724000681722 _eLIBRO _h92262 _i20862 _si |
||
| 999 |
_c15808 _d15808 |
||